| 000 | 01761nac a22003131u 4500 | ||
|---|---|---|---|
| 010 | _a 96061069 | ||
| 020 | _a1860640990 | ||
| 082 | 0 | 0 |
_a261.2709 _bNIE |
| 090 |
_c6398 _d6398 |
||
| 100 | _aNielsen, Jorgen S.[ed. | ||
| 245 | 0 | 4 |
_aThe Christian-Muslim frontier : _bchaos, clash, or dialogue? / _cedited by Jorgen S. Nielsen. |
| 260 |
_aLondon ; _aNew York : _bI.B. Tauris,c.1998. _cc.1998. |
||
| 300 |
_axii, 151 p. ; _c23 cm. |
||
| 500 | _aProceedings of a conference sponsored by the Institute for African Studies at the Russian Academy of Sciences and the Centre for the Study of Islam and Christian-Muslim Relations, Selly Oak Colleges, Birmingham, held at the Tatarstan Academy of Sciences, Kazan, Oct., 1993. | ||
| 500 | _aDistributer: Al-Ahram. | ||
| 504 | _aIncludes bibliographical references. | ||
| 511 | _aCatalogued By: Mahitab. | ||
| 650 | 0 |
_aIslam _xRelations _xChristianity _xCongresses. |
|
| 650 | 0 |
_aChristianity and other religions _xIslam _xCongresses. |
|
| 650 | 0 |
_aIslam _zAsia, Central _xCongresses. |
|
| 650 | 0 |
_aIslam _zCaucasus _xCongresses. |
|
| 710 | 2 | _aInstitut Afriki (Rossiĭskaiï¸ a︡ akademiiï¸ a︡ nauk) | |
| 710 | 2 | _aCentre for the Study of Islam and Christian-Muslim Relations (Birmingham, England) | |
| 710 | 2 | _aTatarstan fănnăr akademiiï¸ a︡se. | |
| 856 | 4 | 2 |
_3Contributor biographical information _uhttp://www.loc.gov/catdir/bios/hol059/96061069.html |
| 856 | 4 | 2 |
_3Publisher description _uhttp://www.loc.gov/catdir/description/hol055/96061069.html |
| 856 | 4 | 2 |
_3Table of contents _uhttp://www.loc.gov/catdir/toc/hol052/96061069.html |
| 942 |
_cBB _k261.2709NIE |
||
| 999 |
_c6398 _d6398 |
||